000 00222 a2200097 4500
001 28253
100 _aSheperd, W G
245 _aMarket power and economy welfare
260 _a
_bRandom House
_c1970
090 _c18870
_d18870
942 _aNUST-CAE
_cM
_c9858
999 _c263326
_d263326